000 00434cam a2200145 4500500
005 20251228073328.0
041 _afre
042 _adc
100 1 0 _aSantelmann, Paul
_eauthor
245 0 0 _aParcours professionnels et formation
260 _c2005.
500 _a8
786 0 _nSavoirs | 9 | 3 | 2005-09-01 | p. 69-83 | 1763-4229
856 4 1 _uhttps://shs.cairn.info/revue-savoirs-2005-3-page-69?lang=fr&redirect-ssocas=7080
999 _c1595041
_d1595041